N° des joueurs du PSG 2020-2021 - Statistiques

Statistiques générales
  • Ce quiz a été pris 1 865 fois
  • Le résultat moyen est 13 sur 25
Statistiques - réponses
Joueurs % Correct
1 Keylor Navas
96%
3 Presnel Kimpembe
93%
7 Kylian Mbappé
92%
10 Neymar Jr
92%
6 Marco Verratti
87%
5 Marquinhos
85%
11 Angel Di Maria
83%
9 Mauro Icardi
82%
8 Leandro Paredes
73%
4 Thilo Kehrer
64%
14 Juan Bernat
42%
23 Julian Draxler
33%
27 Idrissa Gueye
32%
21 Ander Herrera
31%
20 Layvin Kurzawa
31%
16 Sergio Rico
30%
18 Moise Kean
29%
19 Pablo Sarabia
29%
15 Danilo Pereira
28%
12 Rafinha
27%
22 Abdou Diallo
25%
31 Colin Dagba
22%
30 Alexandre Letellier
20%
24 Alessandro Florenzi
17%
25 Mitchel Bakker
16%
Aucun quiz correspondant
Distribution des résultats
% des personnes avec chaque résultat
Percentile par nombre de réponses
Votre historique - résultats
Vous n’avez pas pris ce quiz